000 00307nam a22001337a 4500
008 181205b xxu||||| |||| 00| 0 eng d
020 _a9780721648873
041 _aeng
080 _22 TH
_a615
100 _a7
101 _aFAR
245 _aMedications For Critical Care
_cLester.R.M
942 _2udc
_cBK
999 _c52906
_d52906